[Event "POL-chT3 0607"]
[Site "Poland"]
[Date "2007.01.28"]
[Round "6.9"]
[White "Fladrowski, Bartosz"]
[Black "Szmidt, Przemyslaw"]
[Result "0-1"]
[WhiteElo "2069"]
[BlackElo "1901"]
[PlyCount "112"]
[EventDate "2006.11.12"]
[EventType "team"]
[EventRounds "11"]
[EventCountry "POL"]
[SourceTitle "EXT 2009"]
[Source "ChessBase"]
[SourceDate "2008.11.26"]
[SourceVersion "1"]
[SourceVersionDate "2008.11.26"]
[SourceQuality "1"]

1. e4 d5 2. exd5 Nf6 3. d4 Nxd5 4. Be2 Bf5 5. a3 e6 6. c4 Nb6 7. Nf3 Be7 8. Nc3 0-0 9. 0-0 Bf6 10. b4 Nc6 11. Ra2 Nxd4 12. Nxd4 Qxd4 13. Qxd4 Bxd4 14. Nb5 Bf6 15. Bf4 e5 16. Be3 Rfc8 17. a4 Be6 18. Rc1 a6 19. Nxc7 Rxc7 20. Bxb6 Rc6 21. a5 Rac8 22. Rac2 Bf5 23. Ra2 Bd8 24. Bc5 Bg5 25. Rd1 g6 26. g4 Be6 27. Bf3 R6c7 28. Rc2 Be7 29. Bd6 Bxd6 30. Rxd6 Rxc4 31. Rxc4 Rxc4 32. Rb6 e4 33. Be2 Rc2 34. Kf1 Rc1+ 35. Kg2 Re1 36. Bxa6 bxa6 37. Rxa6 Bc4 38. Rc6 Bf1+ 39. Kg3 g5 40. h4 gxh4+ 41. Kxh4 Be2 42. Kg5 Kg7 43. Kf4 Bd3 44. Rb6 Ra1 45. Ke3 Ra2 46. Kf4 Rxf2+ 47. Ke3 Ra2 48. Rd6 f6 49. Rd5 Kg6 50. Rc5 Rb2 51. a6 Bxa6 52. Kxe4 Rxb4+ 53. Kf3 Bb7+ 54. Kg3 Rb3+ 55. Kh4 h6 56. g5 hxg5+ 0-1

[Event "Torun-ch"]
[Site "Torun"]
[Date "2006.??.??"]
[Round "6"]
[White "Fladrowski, Bartosz"]
[Black "Lewandowski, Marek"]
[Result "1-0"]
[WhiteElo "2093"]
[BlackElo "1959"]
[PlyCount "81"]
[EventDate "2006.??.??"]
[EventType "swiss"]
[EventRounds "9"]
[EventCountry "POL"]
[SourceTitle "EXT 2007"]
[Source "ChessBase"]
[SourceDate "2006.11.23"]
[SourceVersion "1"]
[SourceVersionDate "2006.11.23"]
[SourceQuality "1"]

1. e4 c5 2. Nc3 Nc6 3. Bb5 e6 4. Bxc6 bxc6 5. d3 d5 6. f4 Ne7 7. Nf3 g6 8. 0-0 Ba6 9. e5 c4 10. d4 Rc8 11. g4 h5 12. h3 Rc7 13. Qe2 Qc8 14. Be3 Qb7 15. Qf2 Bb5 16. a4 Ba6 17. Ng5 hxg4 18. hxg4 Bh6 19. Nf3 Rc8 20. Kg2 Kd7 21. a5 Bb5 22. a6 Qa8 23. Qd2 Qb8 24. f5 Bxe3 25. fxe6+ fxe6 26. Qxe3 Rcf8 27. Ng5 Ng8 28. Nf7 Rh7 29. Nd6 Rxf1 30. Rxf1 Qd8 31. Rf7+ Rxf7 32. Nxf7 Qf8 33. Nd6 Ne7 34. Qd2 Qb8 35. Qh6 Qg8 36. Nb7 Kc7 37. Nc5 Qf7 38. Qg5 Kb6 39. Qf6 Qh7 40. Qf8 Nf5 41. Qd8+ 1-0

[Event "Bydgoszcz-Torun"]
[Site "Bydgoszcz"]
[Date "2002.12.15"]
[Round "1"]
[White "Kruzynski, Wieslaw"]
[Black "Fladrowski, Bartosz"]
[Result "1-0"]
[WhiteElo "2173"]
[BlackElo "2087"]
[PlyCount "39"]
[EventDate "2002.12.15"]
[EventType "team-match"]
[EventRounds "1"]
[EventCountry "POL"]
[SourceTitle "EXT 2018"]
[Source "ChessBase"]
[SourceDate "2017.10.13"]
[SourceVersion "1"]
[SourceVersionDate "2017.10.13"]
[SourceQuality "1"]

1. d4 d5 2. Nf3 e6 3. g3 Nf6 4. Bg2 c5 5. e3 Nc6 6. 0-0 cxd4 7. exd4 g6 8. b3 Bg7 9. Ba3 Ne7 10. c4 0-0 11. Nc3 Re8 12. Ne5 Nc6 13. f4 a6 14. Kh1 Bf8 15. Bb2 Qd6 16. c5 Qc7 17. Na4 Nd7 18. Rc1 Ncxe5 19. fxe5 Rb8 20. Rf3 1-0

[Event "Torun-Bydgoszcz"]
[Site "Torun"]
[Date "1999.12.12"]
[Round "1"]
[White "Jahr, Przemyslaw"]
[Black "Fladrowski, Bartosz"]
[Result "0-1"]
[WhiteElo "1800"]
[BlackElo "2000"]
[PlyCount "48"]
[EventDate "1999.12.12"]
[EventType "team-match"]
[EventRounds "1"]
[EventCountry "POL"]
[SourceTitle "EXT 2018"]
[Source "ChessBase"]
[SourceDate "2017.10.13"]
[SourceVersion "1"]
[SourceVersionDate "2017.10.13"]
[SourceQuality "1"]

1. c4 e5 2. Nc3 Nc6 3. g3 f5 4. Bg2 Nf6 5. e3 Bb4 6. a3 Bxc3 7. dxc3 d6 8. Bd5 e4 9. Bxc6+ bxc6 10. Qa4 Bd7 11. Ne2 Ng4 12. c5 Ne5 13. Kf1 0-0 14. Kg2 Qe8 15. Qd1 dxc5 16. h4 Rd8 17. Nf4 Ng6 18. Qb3+ Kh8 19. Qb7 Nxf4+ 20. exf4 Qh5 21. Be3 Qf3+ 22. Kh2 Rb8 23. Qxc7 Rxb2 24. Bxc5 e3 0-1

[Event "POL-chT2 U18"]
[Site "Augustow"]
[Date "1996.??.??"]
[Round "?"]
[White "Bak, Leszek"]
[Black "Fladrowski, Bartosz"]
[Result "1-0"]
[WhiteElo "2000"]
[BlackElo "1800"]
[PlyCount "39"]
[EventDate "1996.??.??"]
[EventType "team"]
[EventRounds "10"]
[EventCountry "POL"]
[SourceTitle "EXT 2003"]
[Source "ChessBase"]
[SourceDate "2002.11.25"]
[SourceVersion "1"]
[SourceVersionDate "2002.11.25"]
[SourceQuality "1"]

1. d4 d5 2. Nf3 e6 3. Bf4 c5 4. c3 Nc6 5. e3 Nf6 6. Bd3 a6 7. Nbd2 Be7 8. 0-0 0-0 9. Ne5 h6 10. h3 Bd6 11. Bb1 cxd4 12. exd4 Qc7 13. Re1 Nb8 14. Qc2 Nbd7 15. g4 g5 16. Bg3 Re8 17. Re3 Nf8 18. Rf3 Be7 19. Qd3 Bd7 20. Rxf6 1-0

[Event "POL-chT2 U18"]
[Site "Augustow"]
[Date "1996.??.??"]
[Round "?"]
[White "Fladrowski, Bartosz"]
[Black "Musielak, Manfred"]
[Result "1/2-1/2"]
[WhiteElo "1800"]
[BlackElo "1990"]
[PlyCount "105"]
[EventDate "1996.??.??"]
[EventType "team"]
[EventRounds "10"]
[EventCountry "POL"]
[SourceTitle "EXT 2003"]
[Source "ChessBase"]
[SourceDate "2002.11.25"]
[SourceVersion "1"]
[SourceVersionDate "2002.11.25"]
[SourceQuality "1"]

1. e4 e5 2. Nf3 Nc6 3. d4 exd4 4. Nxd4 Nf6 5. Nxc6 bxc6 6. e5 Qe7 7. Qe2 Nd5 8. c4 Ba6 9. b3 g6 10. Bb2 Bg7 11. Nd2 0-0 12. Qe4 Nb6 13. Be2 d5 14. Qe3 dxc4 15. bxc4 Na4 16. Ba3 Qxe5 17. Qxe5 Bxe5 18. Bxf8 Bxa1 19. 0-0 Kxf8 20. Rxa1 Rd8 21. Nb3 Nb6 22. Na5 c5 23. Kf1 Rd4 24. Nb3 Rh4 25. g3 Rxh2 26. Kg1 Rh6 27. Nxc5 Bxc4 28. Bxc4 Nxc4 29. Rc1 Nb6 30. Na6 Rh5 31. Nxc7 Ra5 32. Rc2 Nd5 33. Nxd5 Rxd5 34. Rc4 Ra5 35. a4 h5 36. Kg2 Ke7 37. Rd4 Ke6 38. Kf3 Rd5 39. Rb4 Rd3+ 40. Kg2 Ra3 41. Kh3 Ra2 42. Kg2 f5 43. Rc4 Kd5 44. Rf4 a5 45. Kh3 Rd2 46. Kh4 Rb2 47. Kg5 Rb4 48. Rh4 Rb6 49. Rf4 Kc5 50. Rh4 Rd6 51. Rf4 Re6 52. Rh4 Rb6 53. Kh6 1/2-1/2

[Event "POL-chT2 U18"]
[Site "Augustow"]
[Date "1996.??.??"]
[Round "?"]
[White "Szymanski, Marcin"]
[Black "Fladrowski, Bartosz"]
[Result "1-0"]
[WhiteElo "2105"]
[BlackElo "1800"]
[PlyCount "81"]
[EventDate "1996.??.??"]
[EventType "team"]
[EventRounds "10"]
[EventCountry "POL"]
[SourceTitle "EXT 2003"]
[Source "ChessBase"]
[SourceDate "2002.11.25"]
[SourceVersion "1"]
[SourceVersionDate "2002.11.25"]
[SourceQuality "1"]

1. d4 Nf6 2. c4 e5 3. dxe5 Ng4 4. Bf4 Nc6 5. Nf3 Bb4+ 6. Nbd2 Qe7 7. e3 Ngxe5 8. Nxe5 Nxe5 9. Be2 d6 10. 0-0 Bxd2 11. Qxd2 Bd7 12. b4 Ng6 13. Bg3 0-0 14. Qd4 b6 15. Bf3 Rad8 16. Rfd1 Rfe8 17. Rac1 Ne5 18. Be2 Bc6 19. Qc3 Bb7 20. c5 f6 21. cxb6 cxb6 22. Bb5 Rf8 23. Qd4 Rc8 24. h3 Rxc1 25. Rxc1 Rd8 26. a4 Kf8 27. Rc3 d5 28. Rc1 Kg8 29. Qd2 Kf7 30. Qd4 Kg8 31. f4 Nf7 32. Bd3 Nd6 33. Be1 Ne4 34. b5 Nc5 35. Bb4 Rc8 36. Be2 Qe4 37. Bxc5 bxc5 38. Rxc5 Rxc5 39. Qxc5 Qxa4 40. Qe7 Qa1+ 41. Kh2 1-0